00726nam a2200217 a 4500001001000000003000900010005001700019007001000036008004100046020001500087040002200102082003100124100002100155245008400176260003700260300002800297490002700325504002800352600006900380651005900449000044163DO-SdBNP20220927134759.0000044163140603s2003 dr a 000 0 spa d a9993476986 aBPMSUbspacBPMSU bC111R 2003a923.27293 2221 aCassá, Roberto10aFrancisco Alberto Caamaño Deñó :bel gigante de abril /cRoberto Cassá. aSanto Domingo :bTOBOGAN,c2003. a105 p. :bil. ;c21 cm.0 aBiografía dominicana aBibliografía : p. 10514aCaamaño Deñó, Francisco Albertod1932-1973.vBiografías  4aRepública Dominicana xHistoria yRevolución 1965